Language-invariant countries - Statistics

General Stats
  • This quiz has been taken 571 times
  • The average score is 10 of 23
Answer Stats
Country % Correct
Tonga
62%
Samoa
61%
Tuvalu
60%
Vanuatu
58%
Nauru
57%
Togo
54%
Kiribati
51%
Mali
49%
Niger
49%
Haiti
45%
Panama
42%
Laos
41%
Nigeria
41%
Nepal
39%
Angola
33%
Sri Lanka
31%
Senegal
30%
Brunei
29%
Honduras
29%
Burundi
26%
Burkina Faso
24%
Liberia
23%
Liechtenstein
21%
No matching quizzes found
Score Distribution
Percent of People with Each Score
Percentile by Number Answered
Your Score History
You have not taken this quiz